[Event "AUTO-OPEN-3328"]
[Site "http://www.queenalice.com/game.php?id=1308309"]
[Date "2014.9.15"]
[Round "1"]
[White "mouderjr"]
[Black "marcoaurelius"]
[Result "1-0"]
[WhiteElo "1910"]
[BlackElo "1838"]

1. d4 d5 2. c4 dxc4 3. e4 g6 4. Bxc4 Qd6 5. Nc3 a6 6. e5 Qc6 7. Bd5 Qb6 8. Qf3
e6 9. Be3 Qxb2 10. Rc1 Bb4 11. Ne2 exd5 12. Qxd5 Bxc3+ 13. Nxc3 Be6 14. Qc5 c6
15. O-O Nd7 16. Qd6 Ne7 17. Bg5 Nc8 18. Qc7 Qb4 19. Qd8# 1-0

[Event "AUTO-OPEN-3328"]
[Site "http://www.queenalice.com/game.php?id=1308310"]
[Date "2014.9.15"]
[Round "1"]
[White "marcoaurelius"]
[Black "mouderjr"]
[Result "0-1"]
[WhiteElo "1728"]
[BlackElo "1960"]

1. e4 e5 2. Bc4 Nf6 3. Nc3 Bc5 4. h3 Nc6 5. Nf3 a6 6. d3 b5 7. Bb3 Bb4 8. Bd2 d6
9. Ng5 O-O 10. Qe2 Nd4 11. Qd1 a5 12. a3 Bxc3 13. Bxc3 Nxb3 14. cxb3 Nd7 15. h4
f6 16. Ne6 Qe7 17. Nxc7 Rb8 18. Bxa5 Nc5 19. Nd5 Qa7 20. Qd2 Nxb3 21. Qb4 Nxa1
22. Qxd6 Qxa5+ 23. b4 Qxa3 24. Ne7+ Kh8 25. Ng6+ hxg6 26. Qxf8+ Kh7 27. Ke2 Nc2
28. h5 Bg4+ 29. f3 Nd4+ 30. Kf2 Qb2+ 31. Kg3 Rxf8 0-1

[Event "AUTO-OPEN-3328"]
[Site "http://www.queenalice.com/game.php?id=1308329"]
[Date "2014.9.15"]
[Round "1"]
[White "kpfingaz"]
[Black "marcoaurelius"]
[Result "0-1"]
[WhiteElo "1605"]
[BlackElo "1819"]

1. d4 d5 2. Nc3 Bf5 3. e3 Nf6 4. h3 Nc6 5. a3 e6 6. Bb5 Bd6 7. Nce2 Qd7 8. a4 a6
9. Bxc6 Qxc6 10. c3 Be4 11. f3 Bg6 12. Bd2 h6 13. b4 Qd7 14. Qb3 Bd3 15. Nc1 Bc4
16. Qa3 Qe7 17. Qb2 Bg3+ 18. Kd1 c6 19. Nge2 Nh5 20. h4 Bxh4 21. Ng1 Ng3 22. Rh3
Qf6 23. Be1 Nf5 24. Bd2 Qg6 25. g4 Nxe3+ 26. Bxe3 Bd8 27. Nge2 Bc7 28. a5 f6 29.
Qd2 f5 30. gxf5 Qxf5 31. Ng1 O-O-O 32. Rg3 Bxg3 33. Qg2 Qg6 34. Nge2 Bxe2+ 35.
Qxe2 Bd6 36. b5 cxb5 37. Na2 Rd7 38. Kd2 Bc7 39. Nb4 Qe8 40. Qd3 Qd8 41. Nc2
Bxa5 42. Na3 Rc7 43. Nb1 Bb6 44. Bf4 Rc6 45. Qe2 Rf8 46. Be5 g5 47. Na3 g4 48.
Nxb5 Rxf3 49. Bg7 Qg5+ 50. Kc2 Qxg7 51. Ra4 axb5 52. Qxb5 Rcxc3+ 53. Kb2 Rb3+
54. Qxb3 Rxb3+ 55. Kxb3 Bxd4 56. Ra8+ Kc7 57. Re8 g3 58. Rxe6 g2 59. Re1 g1=Q
60. Rxg1 Qxg1 0-1

[Event "AUTO-OPEN-3328"]
[Site "http://www.queenalice.com/game.php?id=1308330"]
[Date "2014.9.15"]
[Round "1"]
[White "marcoaurelius"]
[Black "kpfingaz"]
[Result "1-0"]
[WhiteElo "1786"]
[BlackElo "1580"]

1. e4 c5 2. Bc4 e6 3. Nf3 Bd6 4. Nc3 h6 5. d3 a6 6. a3 Nc6 7. Be3 b6 8. Qe2 b5
9. Ba2 Nf6 10. h3 Nh5 11. Nh2 Qf6 12. Qxh5 Ne5 13. Qe2 g6 14. Rf1 b4 15. Na4 Rb8
16. f3 bxa3 17. bxa3 Rb5 18. Bb3 Bb7 19. Ng4 Qh4+ 20. Kd1 Bc6 21. Nc3 Rb6 22. f4
Nxg4 23. hxg4 Qf6 24. e5 Bxe5 25. fxe5 Qxe5 26. Bd2 Qd6 27. Qf2 Rh7 28. g3 h5
29. Bg5 f5 30. Bf4 Qe7 31. gxf5 gxf5 32. Be3 d5 33. Bxc5 Qf6 34. Bd4 Qg6 35.
Bxb6 Qg4+ 36. Qe2 Qg6 37. Re1 Bd7 38. Na4 Qf6 39. Rb1 h4 40. Nc5 Bc8 41. Nxe6
Bxe6 42. Qxe6+ Qxe6 43. Rxe6+ Kd7 44. Bxd5 hxg3 45. Ba5 Rh2 46. Rb7+ Kc8 47.
Re8# 1-0

[Event "Challenge"]
[Site "http://www.queenalice.com/game.php?id=1318524"]
[Date "2014.10.28"]
[Round "-"]
[White "gobblemate"]
[Black "marcoaurelius"]
[Result "0-1"]
[WhiteElo "1786"]
[BlackElo "1686"]

1. d4 d5 2. Nf3 Bf5 3. e3 Nc6 4. c4 e6 5. Nc3 Nb4 6. Kd2 Nf6 7. Ne1 Be7 8. a3
Nc6 9. cxd5 exd5 10. Bd3 Qd7 11. f3 Be6 12. Nc2 Bd6 13. Qe2 a6 14. e4 Bf4+ 15.
Ne3 Nxd4 16. Qf2 Nb3+ 0-1

[Event "Challenge"]
[Site "http://www.queenalice.com/game.php?id=1318525"]
[Date "2014.10.28"]
[Round "-"]
[White "marcoaurelius"]
[Black "gobblemate"]
[Result "1-0"]
[WhiteElo "1845"]
[BlackElo "1580"]

1. e4 c5 2. Bc4 e6 3. Nf3 Nc6 4. d3 Nf6 5. Nc3 d5 6. exd5 exd5 7. Bb5 Bd7 8. d4
cxd4 9. Ne2 Bb4+ 10. Bd2 Bxd2+ 11. Qxd2 Ne4 12. Qf4 Qa5+ 13. Kf1 Qxb5 14. Ne5
Nf6 15. b3 O-O 16. Nd3 Ne4 17. Ng3 g5 18. Qh4 gxh4 19. Nh5 Bg4 20. a4 Qa6 21.
Nf4 Nd2+ 22. Kg1 Rae8 23. h3 Bf5 24. Nxd5 Bxd3 25. Nc7 Qa5 26. Nxe8 Bxc2 27.
Nf6+ Kh8 28. Kh2 Qe5+ 29. Kg1 Qxf6 30. Ra2 d3 31. a5 Nxb3 32. f3 Nc1 33. Rb2
Qxb2 34. Kh2 d2 35. Rg1 Ne2 36. Rf1 d1=Q 37. Rxd1 Bxd1 38. Kh1 1-0

[Event "Challenge"]
[Site "http://www.queenalice.com/game.php?id=1325260"]
[Date "2014.11.30"]
[Round "-"]
[White "marcoaurelius"]
[Black "Omar"]
[Result "1-0"]
[WhiteElo "1862"]
[BlackElo "1807"]

1. e4 e5 2. Bc4 Nf6 3. Nc3 a6 4. Nf3 h6 5. d3 Bc5 6. Nxe5 Qe7 7. Bxf7+ Kf8 8.
Ng6+ Kxf7 9. Nxe7 Kxe7 10. Bf4 Ng4 11. Qxg4 Rg8 12. Nd5+ Ke8 13. Nxc7+ Kd8 14.
Nxa8 d6 15. Qg6 Nc6 16. Qf7 Re8 17. Qc7# 1-0

[Event "Challenge"]
[Site "http://www.queenalice.com/game.php?id=1327433"]
[Date "2014.12.11"]
[Round "-"]
[White "marcoaurelius"]
[Black "Omar"]
[Result "1-0"]
[WhiteElo "1900"]
[BlackElo "1815"]

1. e4 e5 2. Bc4 Nf6 3. Nc3 a6 4. Nf3 h6 5. Nxe5 d5 6. Nxd5 Be6 7. Nxf6+ Qxf6 8.
Bxe6 Qxe6 9. f4 Bd6 10. d4 O-O 11. f5 Qe8 12. Bf4 Nd7 13. c3 Rd8 14. Qg4 Nxe5
15. dxe5 Bxe5 16. Bxh6 Rd6 17. Be3 Bf6 18. Bc5 Rd3 19. Bxf8 Qxf8 20. h4 Qe8 21.
O-O Qe5 22. h5 Rg3 23. Qe2 Bg5 24. Qc2 Be3+ 25. Kh1 Rg4 26. Rf3 Rh4+ 27. Rh3
Rxh3+ 28. gxh3 Qg3 29. Qg2 Qh4 30. Qf3 Bf4 31. Rd1 Kh7 32. Qg4 Qf2 33. Qg2 Qxg2+
34. Kxg2 Kh6 35. Kf3 Kg5 36. Rg1+ Kxh5 37. Kxf4 g6 38. Rg5+ Kh4 39. fxg6 fxg6
40. e5 Kxh3 41. e6 Kh4 42. e7 b5 43. e8=Q c6 44. Qh8# 1-0

[Event "Challenge"]
[Site "http://www.queenalice.com/game.php?id=1334770"]
[Date "2015.1.14"]
[Round "-"]
[White "marcoaurelius"]
[Black "AlekinePb"]
[Result "0-1"]
[WhiteElo "1932"]
[BlackElo "1984"]

1. e4 e6 2. Bc4 d5 3. exd5 exd5 4. Bb3 Nf6 5. h3 c5 6. a3 Nc6 7. Nf3 Bd6 8. Nc3
Be6 9. d3 O-O 10. Bg5 Re8 11. Ne2 Be7 12. Bd2 b5 13. c3 c4 14. dxc4 bxc4 15. Ba4
Qb6 16. b4 Ne4 17. Be3 Qc7 18. b5 Ne5 19. b6 axb6 20. Bxe8 Rxe8 21. Nxe5 Qxe5
22. Bd4 Qf5 23. f3 Bh4+ 24. g3 Nxg3 25. Nxg3 Bxg3+ 26. Kf1 Bd7 27. Bf2 Qf4 28.
Ra2 Bxf2 29. Kxf2 Re3 30. Qxd5 g5 31. Rg1 h6 32. Rg3 Rd3 33. Qe4 Qc1 34. Rg1
Qxc3 35. h4 Rd4 36. Qa8+ Kh7 37. hxg5 Rd2+ 38. Rxd2 Qxd2+ 39. Kg3 Qxg5+ 40. Kf2
Qd2+ 41. Kg3 Bf5 42. Rg2 Qd6+ 43. Kf2 Bg6 44. Qe8 c3 45. Qe1 c2 46. Qc1 Qf6 47.
Rh2 h5 48. Rh3 Qd4+ 49. Kg2 Qd1 50. Rh1 Qxc1 51. Rxc1 b5 52. Kg3 Kg7 53. Kh4 Kf6
54. Re1 Bd3 55. Kg3 Be2 56. Rc1 Bd1 57. Kg2 Kf5 58. Kg3 Ke5 59. Ra1 Kd4 60. a4
b4 61. a5 Be2 62. Kf2 Ba6 63. Rh1 b3 64. Rh4+ Kc3 65. Rxh5 c1=Q 66. Rc5+ Bc4 67.
a6 Qa1 68. Rc6 Qxa6 69. Rc7 Qb6+ 0-1

[Event "AUTO-OPEN-3527"]
[Site "http://www.queenalice.com/game.php?id=1377737"]
[Date "2015.8.15"]
[Round "1"]
[White "marcoaurelius"]
[Black "Eduardomoreto67"]
[Result "0-1"]
[WhiteElo "1900"]
[BlackElo "2147"]

1. e4 c5 2. Bc4 Nc6 3. Nf3 e6 4. Nc3 Nf6 5. d3 d5 6. exd5 exd5 7. Bb5 Be7 8.
Bxc6+ bxc6 9. Bf4 O-O 10. Qd2 Nh5 11. Ne2 Nxf4 12. Qxf4 Re8 13. Ne5 Bf6 14. Nxc6
Qd7 15. Na5 Bxb2 16. Rb1 Bc3+ 17. Kf1 Bxa5 18. h3 Qe7 19. Qf3 Bd7 20. Nf4 Qe1+
0-1

[Event "AUTO-OPEN-3527"]
[Site "http://www.queenalice.com/game.php?id=1377738"]
[Date "2015.8.15"]
[Round "1"]
[White "Eduardomoreto67"]
[Black "marcoaurelius"]
[Result "1-0"]
[WhiteElo "2157"]
[BlackElo "1907"]

1. e4 e5 2. Nf3 Nc6 3. Bb5 Qf6 4. Bxc6 bxc6 5. O-O Bc5 6. c3 Bb7 7. d4 exd4 8.
cxd4 Bb6 9. Nc3 Ne7 10. Bg5 Qe6 11. d5 cxd5 12. exd5 Qd6 13. Bxe7 Qg6 14. Qe2 c6
15. Bd6+ Kd8 16. Qe7+ Kc8 17. Ne5 Qf5 18. g4 Bd8 19. Qxd8+ Rxd8 20. gxf5 f6 21.
Nf7 Rg8 22. dxc6 Bxc6 23. Rfe1 g6 24. fxg6 Rxg6+ 25. Bg3 Rg8 26. Rac1 h5 27. Nd5
Rg7 28. Re8+ Kb7 29. Nd6+ Ka6 30. Nc7+ Kb6 31. Nxa8+ Ka6 32. Rc3 1-0

[Event "AUTO-OPEN-3527"]
[Site "http://www.queenalice.com/game.php?id=1377739"]
[Date "2015.8.15"]
[Round "1"]
[White "marcoaurelius"]
[Black "patrclo"]
[Result "0-1"]
[WhiteElo "1872"]
[BlackElo "2183"]

1. e4 c5 2. Bc4 Nf6 3. Nc3 e6 4. Nf3 d5 5. exd5 exd5 6. Bb5+ Bd7 7. Bxd7+ Nbxd7
8. O-O Be7 9. d4 O-O 10. Bf4 Re8 11. Qe2 Rc8 12. dxc5 Bxc5 13. Qb5 Qb6 14. Qxb6
Nxb6 15. b3 Ne4 16. Nxe4 dxe4 17. Nd2 Nd5 18. Bg5 h6 19. Bh4 g5 20. Bg3 f5 21.
h3 f4 22. Bh2 e3 23. Nc4 exf2+ 24. Kh1 Ne3 25. Rfc1 Nxc2 26. Rab1 Bb4 27. Rf1
Re1 28. g4 Rxb1 29. Rxb1 Ne1 0-1

[Event "AUTO-OPEN-3527"]
[Site "http://www.queenalice.com/game.php?id=1377740"]
[Date "2015.8.15"]
[Round "1"]
[White "patrclo"]
[Black "marcoaurelius"]
[Result "1-0"]
[WhiteElo "2088"]
[BlackElo "1887"]

1. d4 e6 2. c4 c6 3. e4 Na6 4. Nc3 g6 5. Nf3 Nf6 6. Bg5 d6 7. e5 dxe5 8. dxe5
Bg7 9. Qxd8+ Kxd8 10. Bxf6+ Bxf6 11. exf6 Nb4 12. O-O-O+ Ke8 13. Be2 c5 14. Rd2
Bd7 15. Rhd1 Bc6 16. Ne5 Bxg2 17. Nb5 Na6 18. Rd7 h5 19. Nd6+ Kf8 20. Rxf7+ Kg8
21. Rg7+ Kf8 22. Nxg6# 1-0

[Event "Challenge"]
[Site "http://www.queenalice.com/game.php?id=1387656"]
[Date "2015.10.6"]
[Round "-"]
[White "christian_labat"]
[Black "marcoaurelius"]
[Result "1-0"]
[WhiteElo "1941"]
[BlackElo "1879"]

1. d4 d5 2. Nf3 Bf5 3. g3 Nc6 4. Bg2 Nf6 5. c3 h6 6. O-O g5 7. Nbd2 e6 8. Re1
Qe7 9. Qb3 b6 10. Ne5 Nxe5 11. dxe5 Nh7 12. e4 dxe4 13. Nxe4 Bg7 14. Nf6+ Nxf6
15. exf6 Bxf6 16. Bxa8 h5 17. Bc6+ Kf8 18. Qd1 g4 19. Bf4 Kg7 20. Qd7 Qc5 21.
Bxc7 Kg6 22. Qd6 Qc4 23. Bg2 h4 24. Bf1 Qa4 25. Bd3 hxg3 26. Bxf5+ exf5 27. Qxg3
Qc6 28. Be5 Rh3 29. Qg2 Qb5 30. Bxf6 Kxf6 31. Rab1 Qc4 32. Rbd1 Qxa2 33. Qb7 Rh7
34. Qe7+ Kg6 35. Rd6+ Kh5 36. Rf6 Qd5 37. Qe5 Qxe5 38. Rxe5 g3 39. Rexf5+ Kg4
40. hxg3 a5 41. Kg2 1-0